Detalles MARC
| 000 -LEADER |
| fixed length control field |
01562nam a2200409Ii 4500 |
| 001 - CONTROL NUMBER |
| control field |
DIGUIBAG0081 |
| 003 - CONTROL NUMBER IDENTIFIER |
| control field |
NyNyDIG |
| 006 - FIXED-LENGTH DATA ELEMENTS--ADDITIONAL MATERIAL CHARACTERISTICS |
| fixed length control field |
m o d |
| 007 - PHYSICAL DESCRIPTION FIXED FIELD--GENERAL INFORMATION |
| fixed length control field |
cr ||||||||||| |
| 008 - FIXED-LENGTH DATA ELEMENTS--GENERAL INFORMATION |
| fixed length control field |
250216s2024 ck ab ob 000 0 spa d |
| 035 ## - SYSTEM CONTROL NUMBER |
| System control number |
(OCoLC)1501449952 |
| 040 ## - CATALOGING SOURCE |
| Original cataloging agency |
DGITA |
| Language of cataloging |
eng |
| Description conventions |
rda |
| -- |
pn |
| Transcribing agency |
DGITA |
| 020 ## - INTERNATIONAL STANDARD BOOK NUMBER |
| International Standard Book Number |
9789587544435 |
| Qualifying information |
eBook |
| 043 ## - GEOGRAPHIC AREA CODE |
| Geographic area code |
s-ck--- |
| 050 14 - LIBRARY OF CONGRESS CALL NUMBER |
| Classification number |
HM686.C6 ebook |
| 245 03 - TITLE STATEMENT |
| Title |
El enfoque de la Investigación Acción Participativa (IAP) en el estudio de las problemáticas regionales / |
| Statement of responsibility, etc. |
Hernán López-Garay, Mónica Tatiana Perdomo Pérez, editores académicos. |
| 250 ## - EDITION STATEMENT |
| Edition statement |
Primera edición. |
| 264 #1 - PRODUCTION, PUBLICATION, DISTRIBUTION, MANUFACTURE, AND COPYRIGHT NOTICE |
| Place of production, publication, distribution, manufacture |
Ibagué, Colombia : |
| Name of producer, publisher, distributor, manufacturer |
Ediciones Unibagué, |
| Date of production, publication, distribution, manufacture, or copyright notice |
2024. |
| 300 ## - PHYSICAL DESCRIPTION |
| Extent |
1 online resource : |
| Other physical details |
illustrations, maps. |
| 336 ## - CONTENT TYPE |
| Content type term |
text |
| Content type code |
txt |
| Source |
rdacontent |
| 337 ## - MEDIA TYPE |
| Media type term |
computer |
| Media type code |
c |
| Source |
rdamedia |
| 338 ## - CARRIER TYPE |
| Carrier type term |
online resource |
| Carrier type code |
cr |
| Source |
rdacarrier |
| 347 ## - DIGITAL FILE CHARACTERISTICS |
| File type |
text file |
| Source |
rdaft |
| 347 ## - DIGITAL FILE CHARACTERISTICS |
| Encoding format |
PDF |
| 504 ## - BIBLIOGRAPHY, ETC. NOTE |
| Bibliography, etc. note |
Includes bibliographical references. |
| 588 0# - SOURCE OF DESCRIPTION NOTE |
| Source of description note |
Online resource; title from PDF title page (Digitalia, viewed February 16, 2025) |
| 650 #0 - SUBJECT ADDED ENTRY--TOPICAL TERM |
| Topical term or geographic name entry element |
Social participation |
| Geographic subdivision |
Colombia. |
| 650 #0 - SUBJECT ADDED ENTRY--TOPICAL TERM |
| Topical term or geographic name entry element |
Social groups |
| Geographic subdivision |
Colombia. |
| 650 #0 - SUBJECT ADDED ENTRY--TOPICAL TERM |
| Topical term or geographic name entry element |
Lifestyles |
| Geographic subdivision |
Colombia. |
| 700 1# - ADDED ENTRY--PERSONAL NAME |
| Personal name |
López-Garay, Hernán, |
| Relator term |
editor. |
| 700 1# - ADDED ENTRY--PERSONAL NAME |
| Personal name |
Perdomo Pérez, Mónica Tatiana, |
| Relator term |
editor. |
| 791 2# - |
| -- |
Digitalia (Firm), |
| -- |
distributor. |
| 793 0# - |
| -- |
Digitalia eBook Collection: |
| -- |
Universidad de Ibagué |
| 856 40 - ELECTRONIC LOCATION AND ACCESS |
| Materials specified |
Digitalia Hispánica |
| Uniform Resource Identifier |
<a href="https://www.digitaliapublishing.com/a/169526/">https://www.digitaliapublishing.com/a/169526/</a> |
| 910 ## - USER-OPTION DATA (OCLC) |
| User-option data |
Premium collection: 2025 |
| 942 ## - ADDED ENTRY ELEMENTS (KOHA) |
| Koha item type |
Recurso Electrónico |